00767nas a2200229Ia 4500001001100000003000900011008004100020040001300061040001300074041001300087100005200100210001500152222001500167245007200182250001100254260002400265501008600289300001700375362002600392500007600418650004300494R137/C6250IT-RoPAU151124c99999999xx |||||||||||| ||und|| aIT-RoPAU cIT-RoPAU aITALIANO aSherwood-Edwards MarkgCodice Aut. SPICS: 45834 aMULTIMEDIA aMultimedia aMULTIMEDIA, ANNO 04-N.20 (1994)bCopyright Del "Look And Feel" (Il) a1a ed. aTORINObSONDAc1994 bPaulus - SPICS - Società San Paolo EM (non-commercial uses only)cCopyright2015 a3 p. [23-25] aANNO 004, N.20 (1994) aContratti e Copyright. Riflessioni Sul Look And Feel. Tendenze Attuali. aCOMUNICAZIONEvPUBBLICAZIONE PERIODICA